000 00987nam a22002417a 4500
999 _c19363
_d19363
003 AR-CdUCM
008 190517b ||||| |||| 00| 0 spa d
040 _aMUNICIPALIDAD PROVINCIAL DEL CUSCO
_cBIBLIOTECA MUNICIPAL DEL CUSCO
041 _heng
082 _a361 /
_bF84
100 _aFriedlander, Walter A.
_940663
245 _aConceptos y métodos del servicio social /
260 _aBuenos Aires :
_bKapelusz,
_c1969.
300 _a276 páginas ;
_c21 cm.
505 _aContenido: Principios generales del servicio social -- Caso social individual -- El método de servicio social de grupo -- Métodos y procesos del servicio social para la organización de la comunidad -- Administración e investigación en el bienestar social.
650 _aServicio social
_910207
650 _aTeoría
_95077
650 _aPrincipios
_95198
650 _aAdministración
_922924
700 _aBalián, Beatriz (traducción)
_940664
942 _2ddc
_cLIBROS
945 _aachl
_d2019-05-17